Occupational therapy in epidermolysis bullosa : a holistic concept for intervention from infancy to adult (Record no. 33138)

MARC details
000 -LEADER
fixed length control field 00504nam a2200181Ia 4500
020 ## - INTERNATIONAL STANDARD BOOK NUMBER
ISBN 9783709111383
050 ## - CALL MARK
Classification number RL 793 .W39/
100 ## - STATEMENT OF RESPONSIBILITY--MAIN AUTHOR NAME
Personal name Weiss,. Hedwig
245 #0 - TITLE STATEMENT
Title Occupational therapy in epidermolysis bullosa : a holistic concept for intervention from infancy to adult
260 ## - PUBLICATION, DISTRIBUTION, ETC. (IMPRINT)
Place of publication Wien : .
260 ## - PUBLICATION, DISTRIBUTION, ETC. (IMPRINT)
Name of publisher Springer,
260 ## - PUBLICATION, DISTRIBUTION, ETC. (IMPRINT)
Year of publication 2013
300 ## - PHYSICAL DESCRIPTION
Number of Pages 190 p
650 ## - SUBJECT ADDED ENTRY--TOPICAL TERM
Topical Term Epidermolysis bullosa
942 ## - ADDED ENTRY ELEMENTS (KOHA)
Koha item type Books
Holdings
Withdrawn status Lost status Source of classification or shelving scheme Damaged status Not for loan Permanent Location Current Location Date acquired Accession Number Price effective from Koha item type
    Library of Congress Classification     NILE UNIVERSITY OF NIGERIA - MAIN LIBRARY NILE UNIVERSITY OF NIGERIA - MAIN LIBRARY 04/23/2025 0184654 04/23/2025 Books